00397 2200145 4500001002100000005001500021035002000036245008200056100001100138300002600149260004200175082000800217084001400225990001200239INLIS00000000000187220250515022958 a0010-05250001641 aKisah Wali Songo :bPara Penyebar Agama Islam Di Tanah Jawa /cDrs. M. Ridwan0 aRidwan a112 hlm ;c14 x 20 cm aSurabaya :bBintang Usaha Jaya,c2005 a200 a200 RID k a0754808